Представление документа в формате MARC21

Поле Инд. ПП Название Значение
Тип записи a
Библиографический уровень b
001 Контрольный номер RU/IS/BASE/130616711
005 Дата корректировки 20200526074543.5
084 a Индекс другой классификации/Индекс ББК 60.001(0); 60.51(0); 87.3(0)
a Индекс другой классификации/Индекс ББК 60.543.132.1
100 1_ a Автор Евсютин Е. И.
245 10 a Заглавие Интеллигенция: историософский опыт самоинституализации
504 a Библиография Библиогр. ссылки
520 0_ a Аннотация В статье рассматривается проблема роли и места интеллигенции в социальном пространстве. Выделяются три мировоззренческих варианта осмысления исследуемого феномена: традиция Платона, марксистский подход, синтетическая концепция Карла Манхейма
600 14 a Персоналии Грамши Антонио
a Персоналии Манхейм Карл
a Персоналии Платон
650 04 a Основная рубрика история социологии
a Основная рубрика история философии
a Основная рубрика социальная философия
a Основная рубрика социология
a Основная рубрика социология групп
a Основная рубрика философия
653 0_ a Ключевые слова "Возникновение интеллигенции"
a Ключевые слова "Государство"
a Ключевые слова "Эссе о социологии культуры"
a Ключевые слова Древняя Греция
a Ключевые слова институционализация интеллигенции
a Ключевые слова интеллигенция
a Ключевые слова история социальной философии
a Ключевые слова марксистский подход
a Ключевые слова русская интеллигенция
a Ключевые слова русская философия
a Ключевые слова социологические теории
a Ключевые слова философские учения
773 18 t Заглавие источника Вестник Московского университета. Серия 18, Социология и политология
d Дата издания источника 2002
g Прочая информация № 4. - С. 102 - 117
w Контрольный № источника RU/IS/BASE/148578004
901 t Тип документа b